| 000 | 00677nam a2200193Ia 4500 | ||
|---|---|---|---|
| 008 | 090124s9999 xx 000 0 und d | ||
| 082 |
_b31519 _a7414 |
||
| 100 | _aआर्चर जेफ्री | ||
| 245 | _a टू कट् अ लाँग स्टोरी शॉर्ट | ||
| 250 | _a1 | ||
| 260 | _c2002 | ||
| 300 | _a244 | ||
| 600 | _aआर्चर जेफ्री | ||
| 630 | _a टू कट् अ लाँग स्टोरी शॉर्ट | ||
| 700 | _aसोहोनी लीना | ||
| 700 | _aआर्चर जेफ्री | ||
| 730 | _a टू कट् अ लाँग स्टोरी शॉर्ट | ||
| 942 | _cBOOK | ||
| 999 |
_c144998 _d144998 |
||